A Text Book On Power System Engineering / (Record no. 1998)

MARC details
000 -LEADER
Fixed length control field 00490nam a2200169 4500
003 - CONTROL NUMBER IDENTIFIER
Control field SEACOMEC
005 - DATE AND TIME OF LATEST TRANSACTION
Control field 20250212130549.0
008 - FIXED-LENGTH DATA ELEMENTS--GENERAL INFORMATION
Fixed length control field 250212b |||||||| |||| 00| 0 eng d
020 ## - INTERNATIONAL STANDARD BOOK NUMBER / ISBN
International Standard Book Number 8177000209
Price 330.00
040 ## - CATALOGING SOURCE
Original cataloging agency SEACOMEC
082 ## - DEWEY DECIMAL CLASSIFICATION NUMBER
Classification number 621.3191
Book Number T395
100 ## - MAIN ENTRY--PERSONAL NAME
Personal name Soni, M.L..etal.
245 ## - TITLE STATEMENT
Title A Text Book On Power System Engineering /
Statement of responsibility M.L. SONI,P.V.GUPTA, U.S. BHATNAGAR A.CHAKRABARTI
260 ## - IMPRINT
Place of publication Delhi :
Name of publisher Dhanpat Rai Publishing,
Date of publication 1998
300 ## - PHYSICAL DESCRIPTION
Page / Vol. No 1020 p
942 ## - ADDED ENTRY ELEMENTS (KOHA)
Koha item type Books
Holdings
Withdrawn status Lost status Source of classification Damaged status Not for loan Home library Current library Date acquired Total Checkouts Call number Accession number Date last seen Price effective from Koha item type Copy number
    Dewey Decimal Classification     SEACOM ENGINEERING COLLEGE SEACOM ENGINEERING COLLEGE 13/08/2008   621.3191 T395 12829 12/02/2025 12/02/2025 Books  
    Dewey Decimal Classification     SEACOM ENGINEERING COLLEGE SEACOM ENGINEERING COLLEGE 13/08/2008   621.3191 T395 12830 12/02/2025 12/02/2025 Books 1
    Dewey Decimal Classification     SEACOM ENGINEERING COLLEGE SEACOM ENGINEERING COLLEGE 13/08/2008   621.3191 T395 12831 12/02/2025 12/02/2025 Books 2
    Dewey Decimal Classification     SEACOM ENGINEERING COLLEGE SEACOM ENGINEERING COLLEGE 13/08/2008   621.3191 T395 12832 12/02/2025 12/02/2025 Books 3
© Seacom Engineering College, All rights reserved.      Powered by Koha